[Event "Uljanovsk-ch sf"]
[Site "Uljanovsk"]
[Date "2007.02.17"]
[Round "8"]
[White "Kirjashin, Vitaliy"]
[Black "Anikin, Victor"]
[Result "1-0"]
[WhiteElo "2040"]
[BlackElo "2004"]
[PlyCount "63"]
[EventDate "2007.02.10"]
[EventType "swiss"]
[EventRounds "9"]
[EventCountry "RUS"]
[SourceTitle "EXT 2019"]
[Source "ChessBase"]
[SourceDate "2018.10.10"]
[SourceVersion "1"]
[SourceVersionDate "2018.10.10"]
[SourceQuality "1"]

1. e4 d6 2. d4 Nd7 3. Nf3 g6 4. Bc4 Bg7 5. c3 Nb6 6. Bb3 h5 7. Bf4 Bh6 8. Qd2 Bg4 9. Bxh6 Nxh6 10. Qf4 Bxf3 11. gxf3 a5 12. a3 c5 13. dxc5 dxc5 14. Qe5 0-0 15. Qxc5 Rc8 16. Qg5 Kh7 17. Nd2 a4 18. Bc2 Qd6 19. e5 Qe6 20. 0-0-0 Rc5 21. f4 f5 22. Kb1 Ng4 23. Qh4 Rfc8 24. Nf3 Kg7 25. Nd4 Qf7 26. h3 Nh6 27. Rhg1 R8c7 28. Qxh5 e6 29. Qe2 Nd5 30. Nb5 R7c6 31. Nd6 Qc7 32. Ne8+ 1-0